000 01715cam a22004934i 4500
003 PE-LiUPU
005 20250731172733.0
008 150617s r 000 0 d
035 _a(Sirsi) a11530
040 _aPE-LiUPU
_bspa
_cPE-LiUPU
_erda
049 _aPRUA
082 0 4 _a239.08
_bB
_221
245 0 0 _aObras de San Agustín :
_bTratados sobre la gracia /
_cVictorino Capagana.
264 1 _aMadrid :
_bBiblioteca de Autores Cristianos,
_c1952.
300 _a779 páginas ;
_c20 cm.
336 _atext
_2rdacontent
337 _aunmediated
_2rdamedia
338 _avolume
_2rdacarrier
490 0 _aBiblioteca de Autores Cristianos ;
_v79
500 _aEdición bilingüe.
504 _aIncluye bibliografía.
505 0 _aLos dos libros sobre diversas cuestiones a simpliciano -- De los meritos y perdón de los pecados -- Contra las dos espístolas de los pelagianos -- Actas del proceso contra pelagio.
526 _aSEG42
526 _aSEG41
526 _aSEG40
526 _aSEG39
526 _aP94
526 _aP87
526 _aP86
526 _aP85
526 _aP77
526 _aP76
526 _aP35
600 1 _aAgustín, Santo
_xObras
650 0 4 _aGRACIA (SAN AGUSTIN).
700 1 _aErce, Gregorio.
910 _ajck
_bjvq
_cjck
_d20150616
942 _2ddc
_cBOOK
949 _a239.08 B
_wDEWEY
_c1
_i04537
_lCCODEBUL1
_mBUL
_p00.00
_r0
_sY
_tBOOK
_u19751117
_xTEOLOGIA
_PP35
_0COMPRA
_o.STAFF. Colección General
994 _aC0
_bPEPRU
596 _a1
999 _a239.08 B
_wDEWEY
_c1690
_i04537
_f2021-11-10
_g5
_lCCODEBUL1
_mBUL
_r0
_sY
_tBOOK
_u2015-6-17
_xTEOLOGIA
_PP35
_0COMPRA
_o.STAFF. Colección General
_d1690
980 _81
_gALBERTO SANCHEZ Responsable de Automatización